| 000 | 00599nam a2200169Ia 4500 | ||
|---|---|---|---|
| 003 | LDD | ||
| 008 | 190117s9999 xx 000 0 und d | ||
| 020 | _c₹45 | ||
| 040 | _cLDD | ||
| 041 | _ahi | ||
| 082 | _a8H0.209 मे1864म | ||
| 100 | _aमेध, रमेश कुंतल | ||
| 245 | 0 |
_aमन खंजन किनके _bमध्यकालीन साहित्य संस्कृति और मूल्यांकन _cरमेश कुंतल मेध |
|
| 260 |
_aनई दिल्ली _bवाणी _c1985 |
||
| 300 | _a246प्र. | ||
| 942 |
_2ddc _cH |
||
| 999 |
_c167276 _d167276 |
||